000 00396nab a22001097u 4500
008 130520b2003 xxu||||| |||| 00| 0 spa d
041 _aspa
100 1 _aCarriedo Tejedo, Manuel
_967731
245 0 0 _aCronología de los obispos de León (854-1088): hasta el concilio de Husillos
_cManuel Carriedo Tejedo
773 0 _tStudium Legionense
_gnº44,2003,págs. 217-288
_x0210-8321
_wRev453
942 _cAR
999 _c366225
_d366225